[Event "Kragero Resort International 2022"]
[Site "Kragero"]
[Date "2022.02.24"]
[Round "4.14"]
[White "Grave, Jacob Templen"]
[Black "Injac, Teodora"]
[Result "0-1"]
[WhiteElo "2267"]
[BlackElo "2407"]
[Annotator "NA RC"]
[PlyCount "82"]
[EventDate "2022.02.23"]
[EventType "swiss"]
[EventCountry "NOR"]
[SourceTitle "playchess.com"]
[Source "ChessBase"]
[SourceQuality "1"]
[TimeControl "5400+30"]

1. d4 {[%emt 0:00:03]} Nf6 {[%emt 0:00:35]} 2. c4 {[%emt 0:00:07]} e6 {[%emt 0:00:13]} 3. g3 {[%emt 0:00:09]} d5 {[%emt 0:01:21]} 4. Bg2 {[%emt 0:00:13]} Bb4+ {[%emt 0:01:08]} 5. Nd2 {[%emt 0:00:42]} O-O {[%emt 0:00:27]} 6. Ngf3 {[%emt 0:00:11]} b6 {[%emt 0:01:37]} 7. O-O {[%emt 0:00:19]} Bb7 {[%emt 0:00:04]} 8. cxd5 {[%emt 0:00:20]} exd5 {[%emt 0:01:49]} 9. a3 {[%emt 0:00:44]} Bd6 {[%emt 0:11:02]} 10. b4 {[%emt 0:05:07]} a5 {[%emt 0:05:51]} 11. b5 {[%emt 0:00:08]} c6 {[%emt 0:02:04]} 12. Qa4 {[%emt 0:01:54]} cxb5 {[%emt 0:06:08]} 13. Qxb5 {[%emt 0:00:05]} Ba6 {[%emt 0:02:45]} 14. Qb2 {[%emt 0:00:49]} Bxe2 {[%emt 0:06:52]} 15. Re1 {[%emt 0:00:17]} Ba6 {[%emt 0:02:36]} 16. Ne5 {[%emt 0:05:14]} Nbd7 $11 {[%emt 0:08:15]} 17. Nf1 {[%emt 0:08:35]} Bxe5 {[%emt 0:08:08]} 18. dxe5 {[%emt 0:00:08]} Ne4 {[%emt 0:00:04]} 19. Be3 {[%emt 0:12:19]} Rc8 {[%emt 0:05:34]} 20. Bd4 {[%emt 0:04:26]} Ndc5 {[%emt 0:01:32]} 21. Red1 {[%emt 0:01:47]} Na4 {[%emt 0:02:27]} 22. Qb3 {[%emt 0:01:07]} Nec3 {[%emt 0:06:07]} 23. Bxc3 {[%emt 0:06:08]} Nxc3 {[%emt 0:00:03]} 24. Rd2 {[%emt 0:00:20]} Qc7 {[%emt 0:04:34]} 25. Re1 {[%emt 0:13:57]} Rfe8 {[%emt 0:04:17]} 26. f4 {[%emt 0:09:19]} d4 {[%emt 0:02:25]} 27. Kh1 {[%emt 0:01:34]} Qc5 {[%emt 0:00:26]} 28. Rb2 {[%emt 0:00:59]} Rb8 {[%emt 0:04:51]} 29. Nd2 {[%emt 0:00:30]} Bc8 {[%emt 0:00:18]} 30. Ne4 {[%emt 0:02:35]} Nxe4 {[%emt 0:00:20]} 31. Bxe4 {[%emt 0:00:07]} Be6 {[%emt 0:01:55]} 32. Qd3 {[%emt 0:02:16]} Bc4 {[%emt 0:00:38]} 33. Qf3 {[%emt 0:03:38]} Rbd8 {[%emt 0:01:35]} 34. Rd1 {[%emt 0:08:36]} b5 {[%emt 0:00:17]} 35. Rbd2 {[%emt 0:00:18]} g6 {[%emt 0:02:25]} 36. Qf2 {[%emt 0:01:36]} Bb3 {[%emt 0:00:49]} 37. Bc2 {[%emt 0:02:46]} Bxc2 {[%emt 0:01:19]} 38. Rxc2 {[%emt 0:00:04]} Qxa3 {[%emt 0:00:10]} 39. Rc7 {[%emt 0:02:32]} Qe3 {[%emt 0:02:19]} 40. Qf1 {[%emt 0:00:58]} Qe4+ {[%emt 0:00:23]} 41. Kg1 {[%emt 0:00:05]} d3 {[%emt 0:00:12]} 0-1

[Event "Kragero Resort International 2022"]
[Site "Kragero"]
[Date "2022.02.24"]
[Round "4.15"]
[White "Reimanis, Ritvars"]
[Black "Radeva, Viktoria"]
[Result "1/2-1/2"]
[WhiteElo "2397"]
[BlackElo "2261"]
[Annotator "RC"]
[PlyCount "60"]
[EventDate "2022.02.23"]
[EventType "swiss"]
[EventCountry "NOR"]
[SourceTitle "playchess.com"]
[Source "ChessBase"]
[SourceQuality "1"]
[TimeControl "5400+30"]

1. d4 {[%emt 0:00:05]} Nf6 {[%emt 0:01:01]} 2. Nf3 {[%emt 0:00:12]} e6 {[%emt 0:00:15]} 3. c4 {[%emt 0:00:07]} Bb4+ {[%emt 0:00:21]} 4. Bd2 {[%emt 0:00:06]} Qe7 {[%emt 0:00:08]} 5. g3 {[%emt 0:00:12]} Nc6 {[%emt 0:00:26]} 6. Bg2 {[%emt 0:00:04]} Bxd2+ {[%emt 0:00:05]} 7. Nbxd2 {[%emt 0:00:06]} d6 {[%emt 0:00:28]} 8. e4 {[%emt 0:00:20]} e5 {[%emt 0:00:20]} 9. d5 {[%emt 0:00:04]} Nb8 {[%emt 0:00:04]} 10. O-O {[%emt 0:00:05]} a5 {[%emt 0:01:24]} 11. Ne1 {[%emt 0:00:10]} O-O {[%emt 0:02:22]} 12. Nd3 {[%emt 0:05:42]} Bg4 {[%emt 0:08:42]} 13. f3 {[%emt 0:14:13]} Bd7 {[%emt 0:00:06]} 14. f4 {[%emt 0:13:07]} exf4 {[%emt 0:11:07]} 15. gxf4 {[%emt 0:00:08]} Na6 {[%emt 0:01:05]} 16. Qf3 {[%emt 0:05:15]} Bg4 {[%emt 0:05:37]} 17. Qf2 {[%emt 0:12:52]} Bc8 {[%emt 0:23:58]} 18. a3 {[%emt 0:08:35]} a4 {[%emt 0:02:15]} 19. Rae1 {[%emt 0:01:09]} Nd7 {[%emt 0:01:59]} 20. Qd4 {[%emt 0:09:55]} Ndc5 {[%emt 0:02:15]} 21. Re3 {[%emt 0:00:24]} Nxd3 {[%emt 0:01:29]} 22. Rxd3 {[%emt 0:00:01]} Bd7 {[%emt 0:05:49]} 23. Rg3 {[%emt 0:06:18]} f6 {[%emt 0:00:30]} 24. Re1 {[%emt 0:00:36]} Rfe8 {[%emt 0:02:36]} 25. Nf3 {[%emt 0:01:35]} Qf8 {[%emt 0:04:06]} 26. e5 {[%emt 0:01:16]} fxe5 {[%emt 0:00:42]} 27. fxe5 {[%emt 0:00:02]} dxe5 {[%emt 0:00:33]} 28. Nxe5 {[%emt 0:00:59]} Qc5 {[%emt 0:03:29]} 29. Qxc5 {[%emt 0:00:38]} Nxc5 {[%emt 0:00:05]} 30. Rge3 {[%emt 0:00:07]} Bf5 {[%emt 0:03:04]} 1/2-1/2

[Event "Kragero Resort International 2022"]
[Site "Kragero"]
[Date "2022.02.24"]
[Round "4.16"]
[White "Thorhallsson, Simon"]
[Black "Mikalsen, Erlend"]
[Result "1/2-1/2"]
[WhiteElo "2245"]
[BlackElo "2368"]
[Annotator "RC"]
[PlyCount "63"]
[EventDate "2022.02.23"]
[EventType "swiss"]
[EventCountry "NOR"]
[SourceTitle "playchess.com"]
[Source "ChessBase"]
[SourceQuality "1"]
[TimeControl "5400+30"]

1. e4 {[%emt 0:00:04]} c5 {[%emt 0:00:03]} 2. Nf3 {[%emt 0:00:08]} d6 {[%emt 0:00:02]} 3. d4 {[%emt 0:00:10]} cxd4 {[%emt 0:00:03]} 4. Nxd4 {[%emt 0:00:07]} Nf6 {[%emt 0:00:03]} 5. Nc3 {[%emt 0:00:10]} Nc6 {[%emt 0:00:04]} 6. Bg5 {[%emt 0:00:17]} e6 {[%emt 0:00:04]} 7. Qd3 {[%emt 0:00:54]} Bd7 {[%emt 0:00:35]} 8. O-O-O {[%emt 0:01:35]} a6 {[%emt 0:02:28]} 9. Be2 {[%emt 0:05:35]} Be7 {[%emt 0:01:48]} 10. Kb1 {[%emt 0:03:30]} b5 {[%emt 0:02:04]} 11. Nxc6 {[%emt 0:16:22]} Bxc6 {[%emt 0:00:05]} 12. Bf3 {[%emt 0:00:31]} Qb6 {[%emt 0:02:54]} 13. e5 {[%emt 0:13:27]} dxe5 {[%emt 0:00:15]} 14. Bxc6+ {[%emt 0:00:10]} Qxc6 {[%emt 0:00:04]} 15. Bxf6 {[%emt 0:00:26]} Bxf6 {[%emt 0:00:53]} 16. Ne4 {[%emt 0:01:08]} Be7 {[%emt 0:02:01]} 17. Rhe1 {[%emt 0:03:55]} Rd8 {[%emt 0:03:23]} 18. Qf3 {[%emt 0:01:46]} Rc8 {[%emt 0:00:13]} 19. c3 {[%emt 0:04:38]} f5 {[%emt 0:01:52]} 20. Nd2 {[%emt 0:00:22]} e4 {[%emt 0:00:45]} 21. Qe2 {[%emt 0:01:20]} O-O {[%emt 0:04:00]} 22. f3 {[%emt 0:02:23]} Bd6 {[%emt 0:07:24]} 23. fxe4 {[%emt 0:04:51]} Bxh2 {[%emt 0:00:14]} 24. exf5 {[%emt 0:03:40]} exf5 {[%emt 0:00:06]} 25. Nf3 {[%emt 0:03:26]} Bg3 {[%emt 0:02:20]} 26. Nd4 {[%emt 0:00:42]} Qb7 {[%emt 0:02:05]} 27. Qe6+ {[%emt 0:03:35]} Kh8 {[%emt 0:00:09]} 28. Re2 {[%emt 0:00:58]} Rf6 {[%emt 0:08:24]} 29. Qe8+ {[%emt 0:01:15]} Rf8 {[%emt 0:00:04]} 30. Qe6 {[%emt 0:00:11]} Rf6 {[%emt 0:00:41]} 31. Qe8+ {[%emt 0:00:17]} Rf8 {[%emt 0:00:01]} 32. Qe6 {[%emt 0:00:09]} 1/2-1/2

[Event "Kragero Resort International 2022"]
[Site "Kragero"]
[Date "2022.02.24"]
[Round "4.17"]
[White "Gjestemoen-VonHirsch, Andre"]
[Black "Kanyamarala, Tarun"]
[Result "1/2-1/2"]
[WhiteElo "2243"]
[BlackElo "2343"]
[Annotator "NA RC"]
[PlyCount "135"]
[EventDate "2022.02.23"]
[EventType "swiss"]
[EventCountry "NOR"]
[SourceTitle "playchess.com"]
[Source "ChessBase"]
[SourceQuality "1"]
[TimeControl "5400+30"]

1. e4 {[%emt 0:00:05]} c5 {[%emt 0:00:32]} 2. Nf3 {[%emt 0:00:09]} Nc6 {[%emt 0:00:23]} 3. d4 {[%emt 0:00:05]} cxd4 {[%emt 0:00:06]} 4. Nxd4 {[%emt 0:00:04]} Nf6 {[%emt 0:00:12]} 5. Nc3 {[%emt 0:00:04]} e5 {[%emt 0:00:08]} 6. Ndb5 {[%emt 0:00:04]} d6 {[%emt 0:00:07]} 7. Bg5 {[%emt 0:00:16]} a6 {[%emt 0:00:12]} 8. Na3 {[%emt 0:00:03]} b5 {[%emt 0:00:07]} 9. Nd5 {[%emt 0:00:04]} Be7 {[%emt 0:00:08]} 10. Bxf6 {[%emt 0:00:04]} Bxf6 {[%emt 0:00:10]} 11. c3 {[%emt 0:00:06]} O-O {[%emt 0:00:32]} 12. Nc2 {[%emt 0:00:07]} Bg5 {[%emt 0:04:33]} 13. a4 {[%emt 0:00:04]} bxa4 {[%emt 0:00:15]} 14. Rxa4 {[%emt 0:00:09]} Ne7 {[%emt 0:04:56]} 15. Ncb4 {[%emt 0:00:27]} a5 {[%emt 0:06:28]} 16. Nxe7+ {[%emt 0:03:31]} Qxe7 {[%emt 0:00:49]} 17. Nd5 {[%emt 0:05:40]} Qb7 {[%emt 0:06:32]} 18. b3 {[%emt 0:05:58]} Bd7 $11 {[%emt 0:06:09]} 19. Ra2 {[%emt 0:11:11]} Rfc8 {[%emt 0:05:03]} 20. Bc4 {[%emt 0:03:10]} a4 {[%emt 0:02:26]} 21. O-O {[%emt 0:02:21]} Be6 {[%emt 0:10:47]} 22. Qc2 {[%emt 0:30:52]} axb3 {[%emt 0:09:29]} 23. Bxb3 {[%emt 0:00:09]} Rab8 {[%emt 0:05:43]} 24. Ra3 {[%emt 0:00:35]} g6 {[%emt 0:01:28]} 25. Rd1 {[%emt 0:10:22]} Qb5 {[%emt 0:16:08]} 26. Nb4 {[%emt 0:07:15]} Qc5 {[%emt 0:00:00]} 27. Bxe6 {[%emt 0:03:06]} fxe6 {[%emt 0:00:00]} 28. Qd3 {[%emt 0:00:19]} Be7 {[%emt 0:00:00]} 29. Qh3 {[%emt 0:01:17]} Qc4 {[%emt 0:02:23]} 30. Ra7 {[%emt 0:05:28]} Re8 {[%emt 0:00:02]} 31. Nc2 {[%emt 0:06:45]} Kh8 {[%emt 0:13:05]} 32. Ne3 {[%emt 0:03:08]} Qxe4 {[%emt 0:00:51]} 33. Qxe6 {[%emt 0:00:47]} Rb1 {[%emt 0:01:09]} 34. Rxb1 {[%emt 0:00:41]} Qxb1+ {[%emt 0:00:02]} 35. Nf1 {[%emt 0:00:06]} Qf5 {[%emt 0:00:21]} 36. Qxf5 {[%emt 0:02:06]} gxf5 {[%emt 0:00:05]} 37. Ne3 {[%emt 0:00:04]} f4 {[%emt 0:01:04]} 38. Nd5 {[%emt 0:00:36]} Rb8 {[%emt 0:00:11]} 39. g3 {[%emt 0:00:45]} Bg5 {[%emt 0:03:15]} 40. h4 {[%emt 0:00:40]} Bh6 {[%emt 0:01:36]} 41. g4 {[%emt 0:00:12]} Bg7 {[%emt 0:00:15]} 42. g5 {[%emt 0:00:53]} e4 {[%emt 0:00:41]} 43. Kg2 {[%emt 0:01:32]} Be5 {[%emt 0:00:19]} 44. Ra4 {[%emt 0:00:28]} f3+ {[%emt 0:00:52]} 45. Kh3 {[%emt 0:00:03]} Rb2 {[%emt 0:00:05]} 46. Rxe4 {[%emt 0:00:07]} Rxf2 {[%emt 0:00:04]} 47. Kg4 {[%emt 0:01:12]} Rd2 {[%emt 0:00:33]} 48. Ne3 {[%emt 0:00:03]} f2 {[%emt 0:00:20]} 49. Kf3 {[%emt 0:00:07]} Rd3 {[%emt 0:01:34]} 50. Kxf2 {[%emt 0:00:20]} Rxc3 {[%emt 0:00:05]} 51. Kf3 {[%emt 0:01:12]} Rd3 {[%emt 0:00:33]} 52. Kg4 {[%emt 0:00:57]} Rd4 {[%emt 0:00:18]} 53. Rxd4 {[%emt 0:00:17]} Bxd4 {[%emt 0:00:05]} 54. Nd5 {[%emt 0:00:06]} Kg7 {[%emt 0:00:33]} 55. h5 {[%emt 0:00:12]} Kf7 {[%emt 0:00:44]} 56. Kf5 {[%emt 0:00:02]} Be5 {[%emt 0:00:43]} 57. Ne3 {[%emt 0:00:56]} Bd4 {[%emt 0:00:54]} 58. Nd5 {[%emt 0:01:21]} Be5 {[%emt 0:00:08]} 59. Nb6 {[%emt 0:00:38]} Bd4 {[%emt 0:00:44]} 60. Nc4 {[%emt 0:00:30]} Bc5 {[%emt 0:00:11]} 61. g6+ {[%emt 0:00:30]} hxg6+ {[%emt 0:00:11]} 62. hxg6+ {[%emt 0:00:03]} Kg7 {[%emt 0:00:09]} 63. Nb2 {[%emt 0:00:54]} Bd4 {[%emt 0:00:26]} 64. Nd3 {[%emt 0:00:04]} Be5 {[%emt 0:00:22]} 65. Nb4 {[%emt 0:00:20]} Kg8 {[%emt 0:01:13]} 66. Nd5 {[%emt 0:00:06]} Kg7 {[%emt 0:00:12]} 67. Kg5 {[%emt 0:00:59]} Bd4 {[%emt 0:00:38]} 68. Kf5 {[%emt 0:00:03]} 1/2-1/2

[Event "Kragero Resort International 2022"]
[Site "Kragero"]
[Date "2022.02.24"]
[Round "4.18"]
[White "Alinasab, Mobina"]
[Black "Lye, Sverre"]
[Result "1-0"]
[WhiteElo "2325"]
[BlackElo "1917"]
[Annotator "NA RC"]
[PlyCount "67"]
[EventDate "2022.02.23"]
[EventType "swiss"]
[EventCountry "NOR"]
[SourceTitle "playchess.com"]
[Source "ChessBase"]
[SourceQuality "1"]
[TimeControl "5400+30"]

1. e4 {[%emt 0:00:04]} c5 {[%emt 0:00:05]} 2. Nf3 {[%emt 0:00:32]} Nc6 {[%emt 0:00:08]} 3. Bb5 {[%emt 0:00:28]} g6 {[%emt 0:00:32]} 4. Bxc6 {[%emt 0:00:14]} dxc6 {[%emt 0:00:06]} 5. d3 {[%emt 0:00:07]} Bg7 {[%emt 0:00:10]} 6. h3 {[%emt 0:00:06]} Qc7 {[%emt 0:01:46]} 7. O-O {[%emt 0:04:07]} e5 {[%emt 0:00:48]} 8. Be3 {[%emt 0:03:24]} b6 {[%emt 0:00:12]} 9. Nc3 {[%emt 0:03:20]} Nf6 {[%emt 0:08:57]} 10. Qd2 {[%emt 0:00:10]} O-O {[%emt 0:06:37]} 11. Nh2 {[%emt 0:02:36]} Nh5 {[%emt 0:03:09]} 12. Ne2 {[%emt 0:03:23]} Be6 {[%emt 0:06:26]} 13. g4 {[%emt 0:15:23]} Nf6 {[%emt 0:01:30]} 14. f4 {[%emt 0:01:44]} exf4 {[%emt 0:02:51]} 15. Bxf4 {[%emt 0:00:27]} Qd7 {[%emt 0:01:43]} 16. Bh6 {[%emt 0:08:02]} Ne8 {[%emt 0:06:16]} 17. Bxg7 {[%emt 0:03:37]} Nxg7 {[%emt 0:04:02]} 18. Rf6 {[%emt 0:06:53]} Ne8 {[%emt 0:13:07]} 19. Rf2 {[%emt 0:01:38]} Nd6 {[%emt 0:09:32]} 20. Qg5 {[%emt 0:01:27]} Nb5 {[%emt 0:06:06]} 21. e5 {[%emt 0:02:01]} c4 {[%emt 0:03:25]} 22. Rd1 {[%emt 0:06:22]} Qd8 {[%emt 0:01:37]} 23. Qh6 {[%emt 0:01:43]} Qe7 {[%emt 0:06:25]} 24. d4 {[%emt 0:04:21]} f6 {[%emt 0:04:21]} 25. Qh4 {[%emt 0:06:02]} Bd5 {[%emt 0:03:34]} 26. exf6 {[%emt 0:08:04]} Qe4 {[%emt 0:00:38]} 27. Ng3 {[%emt 0:00:07]} Qe3 {[%emt 0:02:05]} 28. Nhf1 {[%emt 0:00:37]} Qe6 {[%emt 0:01:03]} 29. g5 {[%emt 0:00:16]} Nd6 {[%emt 0:01:38]} 30. Re2 {[%emt 0:01:59]} Qc8 {[%emt 0:00:11]} 31. Re7 {[%emt 0:00:15]} Rf7 {[%emt 0:00:59]} 32. Rde1 {[%emt 0:02:35]} Nf5 {[%emt 0:00:57]} 33. Nxf5 {[%emt 0:00:28]} Qxf5 {[%emt 0:00:07]} 34. Rxf7 {[%emt 0:00:21]} 1-0

[Event "Kragero Resort International 2022"]
[Site "Kragero"]
[Date "2022.02.24"]
[Round "4.19"]
[White "Blokhin, Sofia"]
[Black "Sjoberg, Isak"]
[Result "1/2-1/2"]
[WhiteElo "2059"]
[BlackElo "2322"]
[Annotator "NA RC"]
[PlyCount "102"]
[EventDate "2022.02.23"]
[EventType "swiss"]
[EventCountry "NOR"]
[SourceTitle "playchess.com"]
[Source "ChessBase"]
[SourceQuality "1"]
[TimeControl "5400+30"]

1. e4 {[%emt 0:00:02]} e5 {[%emt 0:01:06]} 2. Bc4 {[%emt 0:00:07]} Nf6 {[%emt 0:00:10]} 3. d3 {[%emt 0:00:05]} Nc6 {[%emt 0:00:04]} 4. Nf3 {[%emt 0:00:06]} Be7 {[%emt 0:02:03]} 5. O-O {[%emt 0:00:29]} O-O {[%emt 0:00:44]} 6. a4 {[%emt 0:02:40]} d6 {[%emt 0:01:35]} 7. h3 {[%emt 0:01:14]} Kh8 {[%emt 0:05:09]} 8. Nc3 {[%emt 0:00:57]} Ng8 {[%emt 0:03:21]} 9. Nd5 {[%emt 0:05:39]} f5 {[%emt 0:07:14]} 10. Nxe7 {[%emt 0:03:07]} Qxe7 {[%emt 0:05:54]} 11. Bg5 {[%emt 0:03:43]} Qe8 {[%emt 0:02:34]} 12. exf5 {[%emt 0:03:12]} Bxf5 {[%emt 0:08:44]} 13. Nh4 {[%emt 0:17:13]} Be6 {[%emt 0:01:52]} 14. Bxe6 {[%emt 0:05:53]} Qxe6 {[%emt 0:00:16]} 15. Qg4 {[%emt 0:10:52]} Qxg4 {[%emt 0:17:45]} 16. hxg4 {[%emt 0:00:06]} Nd4 {[%emt 0:00:16]} 17. c3 {[%emt 0:03:07]} Ne6 {[%emt 0:00:55]} 18. Be3 {[%emt 0:03:58]} Nf6 {[%emt 0:07:40]} 19. f3 {[%emt 0:02:55]} Nd5 {[%emt 0:04:52]} 20. Bf2 {[%emt 0:02:32]} Ne7 {[%emt 0:09:29]} 21. d4 {[%emt 0:05:25]} g5 {[%emt 0:02:49]} 22. Nf5 {[%emt 0:00:13]} Nxf5 {[%emt 0:00:07]} 23. gxf5 {[%emt 0:00:08]} Rxf5 {[%emt 0:00:43]} 24. dxe5 {[%emt 0:00:29]} Rxe5 {[%emt 0:05:20]} 25. Rfe1 {[%emt 0:01:44]} Kg7 {[%emt 0:07:03]} 26. Rxe5 {[%emt 0:01:29]} dxe5 {[%emt 0:00:04]} 27. Rd1 {[%emt 0:00:18]} Nf8 {[%emt 0:00:30]} 28. Bc5 {[%emt 0:01:18]} Kf6 {[%emt 0:00:48]} 29. Bxf8 {[%emt 0:02:55]} Rxf8 {[%emt 0:00:05]} 30. g4 {[%emt 0:02:06]} Ke6 {[%emt 0:00:58]} 31. Kg2 {[%emt 0:01:26]} Rf4 {[%emt 0:00:05]} 32. b4 {[%emt 0:03:18]} Rc4 {[%emt 0:01:31]} 33. Rh1 {[%emt 0:00:55]} Rxc3 {[%emt 0:00:49]} 34. Rxh7 {[%emt 0:00:06]} Rc4 {[%emt 0:00:25]} 35. b5 {[%emt 0:01:16]} Kd6 {[%emt 0:01:41]} 36. Rg7 {[%emt 0:00:56]} e4 {[%emt 0:01:20]} 37. fxe4 {[%emt 0:00:40]} Rxa4 {[%emt 0:00:19]} 38. Kf3 {[%emt 0:01:54]} Ra3+ {[%emt 0:00:08]} 39. Kf2 {[%emt 0:01:24]} Ra2+ {[%emt 0:00:12]} 40. Kf3 {[%emt 0:00:17]} Ra3+ {[%emt 0:00:02]} 41. Kf2 {[%emt 0:00:07]} Ke5 {[%emt 0:02:35]} 42. Rxg5+ {[%emt 0:00:52]} Kxe4 {[%emt 0:00:17]} 43. Rc5 {[%emt 0:00:24]} Rb3 {[%emt 0:01:40]} 44. g5 {[%emt 0:00:21]} Rf3+ {[%emt 0:00:27]} 45. Ke2 {[%emt 0:01:52]} Re3+ {[%emt 0:00:08]} 46. Kf2 {[%emt 0:00:17]} Rf3+ {[%emt 0:00:03]} 47. Ke2 {[%emt 0:00:06]} Rf5 {[%emt 0:00:35]} 48. Rxc7 {[%emt 0:00:25]} Rxg5 {[%emt 0:00:49]} 49. Rxb7 {[%emt 0:00:09]} Rg2+ {[%emt 0:00:17]} 50. Kf1 {[%emt 0:00:27]} Ra2 {[%emt 0:00:06]} 51. b6 {[%emt 0:00:58]} axb6 {[%emt 0:01:05]} 1/2-1/2

[Event "Kragero Resort International 2022"]
[Site "Kragero"]
[Date "2022.02.24"]
[Round "4.20"]
[White "Fischer, Daniel"]
[Black "Jalving, August"]
[Result "1-0"]
[WhiteElo "2340"]
[BlackElo "1876"]
[Annotator "RC"]
[PlyCount "117"]
[EventDate "2022.02.23"]
[EventType "swiss"]
[EventCountry "NOR"]
[SourceTitle "playchess.com"]
[Source "ChessBase"]
[SourceQuality "1"]
[TimeControl "5400+30"]

1. e4 {[%emt 0:00:23]} c6 {[%emt 0:00:15]} 2. d4 {[%emt 0:00:07]} d5 {[%emt 0:00:10]} 3. e5 {[%emt 0:00:05]} c5 {[%emt 0:00:10]} 4. dxc5 {[%emt 0:00:07]} Nc6 {[%emt 0:00:29]} 5. Nf3 {[%emt 0:00:26]} Bg4 {[%emt 0:00:12]} 6. c3 {[%emt 0:07:30]} e6 {[%emt 0:00:22]} 7. Be3 {[%emt 0:01:05]} Bxf3 {[%emt 0:00:53]} 8. Qxf3 {[%emt 0:00:15]} Nxe5 {[%emt 0:00:25]} 9. Bb5+ {[%emt 0:01:52]} Nc6 {[%emt 0:01:12]} 10. O-O {[%emt 0:00:56]} Nf6 {[%emt 0:00:28]} 11. c4 {[%emt 0:10:35]} Qc7 {[%emt 0:06:37]} 12. Nc3 {[%emt 0:03:25]} dxc4 {[%emt 0:00:23]} 13. Bxc4 {[%emt 0:04:46]} a6 {[%emt 0:00:19]} 14. Rac1 {[%emt 0:08:46]} Be7 {[%emt 0:01:58]} 15. Qe2 {[%emt 0:02:58]} O-O {[%emt 0:00:29]} 16. a3 {[%emt 0:00:47]} a5 {[%emt 0:02:51]} 17. Rfd1 {[%emt 0:04:37]} Qe5 {[%emt 0:02:40]} 18. f4 {[%emt 0:03:16]} Qf5 {[%emt 0:00:45]} 19. Bd3 {[%emt 0:00:30]} Qg4 {[%emt 0:00:05]} 20. h3 {[%emt 0:00:34]} Qxe2 {[%emt 0:01:04]} 21. Bxe2 {[%emt 0:00:06]} Rfd8 {[%emt 0:00:40]} 22. Bf3 {[%emt 0:01:40]} Rxd1+ {[%emt 0:05:39]} 23. Rxd1 {[%emt 0:00:32]} Rd8 {[%emt 0:01:58]} 24. Rxd8+ {[%emt 0:01:59]} Bxd8 {[%emt 0:00:39]} 25. Kf2 {[%emt 0:00:47]} Be7 {[%emt 0:02:22]} 26. Ke2 {[%emt 0:04:44]} Kf8 {[%emt 0:01:39]} 27. Kd3 {[%emt 0:01:24]} Ke8 {[%emt 0:01:07]} 28. Kc4 {[%emt 0:00:39]} Kd7 {[%emt 0:00:18]} 29. Na4 {[%emt 0:03:30]} Nd5 {[%emt 0:02:45]} 30. Bxd5 {[%emt 0:02:22]} exd5+ {[%emt 0:00:51]} 31. Kxd5 {[%emt 0:00:06]} Bf6 {[%emt 0:00:26]} 32. Kc4 {[%emt 0:05:18]} Bd8 {[%emt 0:04:42]} 33. Nc3 {[%emt 0:03:30]} Ne7 {[%emt 0:01:40]} 34. Ne4 {[%emt 0:02:04]} Kc6 {[%emt 0:02:50]} 35. b4 {[%emt 0:02:33]} axb4 {[%emt 0:00:31]} 36. axb4 {[%emt 0:00:01]} Nf5 {[%emt 0:03:18]} 37. Bf2 {[%emt 0:01:16]} Bc7 {[%emt 0:00:30]} 38. g4 {[%emt 0:04:54]} Ne7 {[%emt 0:00:18]} 39. f5 {[%emt 0:00:58]} f6 {[%emt 0:00:46]} 40. Bd4 {[%emt 0:02:45]} h5 {[%emt 0:02:26]} 41. b5+ {[%emt 0:05:44]} Kd7 {[%emt 0:00:20]} 42. Bxf6 {[%emt 0:03:37]} hxg4 {[%emt 0:03:38]} 43. Bxe7 {[%emt 0:01:34]} Kxe7 {[%emt 0:00:58]} 44. hxg4 {[%emt 0:00:06]} Kd7 {[%emt 0:01:11]} 45. Kd5 {[%emt 0:00:06]} Bf4 {[%emt 0:00:11]} 46. c6+ {[%emt 0:00:22]} bxc6+ {[%emt 0:00:18]} 47. bxc6+ {[%emt 0:00:08]} Ke7 {[%emt 0:00:46]} 48. Kc5 {[%emt 0:01:52]} Bc7 {[%emt 0:01:05]} 49. Kb5 {[%emt 0:01:36]} Bf4 {[%emt 0:03:35]} 50. Kb6 {[%emt 0:00:12]} Kd8 {[%emt 0:00:20]} 51. Kb7 {[%emt 0:00:05]} Be5 {[%emt 0:00:09]} 52. Ng5 {[%emt 0:02:03]} Ke7 {[%emt 0:00:26]} 53. Nf3 {[%emt 0:00:42]} Bf4 {[%emt 0:00:08]} 54. c7 {[%emt 0:00:24]} Bxc7 {[%emt 0:00:06]} 55. Kxc7 {[%emt 0:00:04]} g6 {[%emt 0:00:09]} 56. fxg6 {[%emt 0:00:06]} Kf6 {[%emt 0:00:06]} 57. Nh4 {[%emt 0:00:29]} Ke7 {[%emt 0:00:10]} 58. g7 {[%emt 0:00:22]} Kf7 {[%emt 0:00:05]} 59. Nf5 {[%emt 0:00:04]} 1-0